Football Les clubs avec le plus de podiums en Premier League - Statistiques

Statistiques générales
  • Ce quiz a été pris 265 fois
  • Le résultat moyen est 7 sur 8
Statistiques - réponses
Nombre de podiums Années Club % Correct
17 2001-2013/2018/2020/2021/2023 Manchester United
98%
14 2004-2011/2013-2015/2017/2019/2022 Chelsea
92%
12 2011-2015/2017-2023 Manchester City
87%
11 2001-2005/2008/2010/2012/2015/2016/2023 Arsenal
86%
10 2001/2002/2006/2007/2009/2014/2019-2022 Liverpool
86%
1 2016 Leicester
78%
3 2016/2017/2018 Tottenham
74%
1 2003 Newcastle
48%
Aucun quiz correspondant
Distribution des résultats
% des personnes avec chaque résultat
Percentile par nombre de réponses
Votre historique - résultats
Vous n’avez pas pris ce quiz